Historical Figures by One-Word Hints Quiz Stats

Quiz Updated May 9, 2013

Challenge
Share
Tweet
Embed
Score 0/40 Timer 10:00
2 Plays Today
% Correct
Charles Darwin
94.3%
Isaac Newton
91.7%
Henry VIII
89.7%
Albert Einstein
89.2%
Abraham Lincoln
87.2%
Edgar Allan Poe
87.1%
Martin Luther King
86.1%
Ferdinand Magellan
82.5%
Marie Curie
81.1%
Johannes Gutenberg
79.9%
Louis XIV
78.2%
Nostradamus
77.6%
William Shakespeare
77.5%
Alfred Nobel
71.6%
William the Conqueror
66.8%
Nicolaus Copernicus
64%
Hippocrates
63.4%
Thomas Jefferson
62.8%
Hadrian
61.7%
Virgil
60.1%
% Correct
Khufu
59.7%
Auguste Rodin
56.6%
Benito Mussolini
55.5%
Pablo Picasso
53.3%
Socrates
53%
Joseph Stalin
51.2%
Julius Caesar
51.1%
Daniel Ortega
49.9%
Michelangelo
46.8%
John Muir
46.3%
Laozi
46.3%
Gandhi
45.1%
Werner Heisenberg
42.9%
Aristotle
33.9%
Elizabeth I
32.1%
Mao Zedong
28.7%
Chinua Achebe
26.9%
Filippo Brunelleschi
23.2%
Kim Il-sung
21.1%
Mary Leakey
20.5%

You're not logged in!

Compare scores with friends on all Sporcle quizzes.
Join for Free
OR
Log In

You Might Also Like...

Show Comments

Extras

Top Quizzes Today


Score Distribution

Your Account Isn't Verified!

In order to create a playlist on Sporcle, you need to verify the email address you used during registration. Go to your Sporcle Settings to finish the process.

Report this User

Report this user for behavior that violates our Community Guidelines.

Details: